000
00230nam a2200097Ia 4500
001
639778
005
20250826153434.0
008
250824s9999 xx 000 0 und d
245
0
_a
Ruby Rogers Oyunbozan
_c
Sue Limb
260
_b
ALTIN
999
_c
639778
_d
639778